[Event "The Youth League, season 2"]
[Site "SchemingMind.com"]
[Date "2005.12.11"]
[Round "-"]
[White "thinkfirst29"]
[Black "IvanXXIII"]
[Result "1-0"]
[WhiteCountry "USA"]
[BlackCountry "CRO"]
[WhiteElo "1646"]
[WhiteRD "68"]
[BlackElo "1557"]
[BlackRD "75"]
[GameID "32681"]

1. e4 e5 2. Nf3 Nf6 3. Nc3 Nc6 4. Bc4 Nxe4 5. Nxe4 d5 6. Nf6+ Qxf6 7. Bxd5 Bg4 8. O-O Nd4 9. Bxb7 Rb8 10. Be4 h5
11. c3 Nxf3+ 12. Bxf3 Rb6 13. Re1 Bd6 14. d4
1-0

[Event "The Youth League, season 2"]
[Site "SchemingMind.com"]
[Date "2005.12.12"]
[Round "-"]
[White "sansubari"]
[Black "IvanXXIII"]
[Result "1-0"]
[WhiteCountry "MAS"]
[BlackCountry "CRO"]
[WhiteElo "1700"]
[WhiteRD "62"]
[BlackElo "1557"]
[BlackRD "75"]
[GameID "32682"]

1. d4 Nf6 2. Bf4 d5 3. c3 Bf5 4. Nf3 e6 5. Ne5 Nbd7 6. Qa4 Be7 7. Nd2 O-O 8. Ndf3 Nxe5 9. Bxe5 Bd6 10. Bxd6 Qxd6
11. e3 Qd7 12. Qxd7 Nxd7 13. Be2
1-0

[Event "The Youth League, season 2"]
[Site "SchemingMind.com"]
[Date "2005.12.10"]
[Round "-"]
[White "Manuel Ángel Seris-Granier"]
[Black "IvanXXIII"]
[Result "1-0"]
[WhiteCountry "ESP"]
[BlackCountry "CRO"]
[WhiteElo "1898"]
[WhiteRD "115"]
[BlackElo "1464"]
[BlackRD "87"]
[GameID "32683"]

1. e4 Nc6 2. d4 e5 3. Nf3 exd4 4. Nxd4 Nf6 5. Nc3 Bb4 6. Nxc6 bxc6 7. Bd3 d5 8. exd5 cxd5 9. Qe2+ Qe7 10. Qxe7+ Bxe7
11. Nb5 Bb4+ 12. c3 Ba5 13. Bf4 Ba6 14. Bxc7
1-0

[Event "The Youth League, season 2"]
[Site "SchemingMind.com"]
[Date "2005.12.11"]
[Round "-"]
[White "alejandroales"]
[Black "IvanXXIII"]
[Result "0-1"]
[WhiteCountry "ARG"]
[BlackCountry "CRO"]
[WhiteElo "1650"]
[WhiteRD "81"]
[BlackElo "1908"]
[BlackRD "98"]
[GameID "32684"]

1. d4 Nf6 2. c4 e6 3. Nc3 Bb4 4. e3 b6 5. Bd3 Bb7 6. f3 c5 7. Ne2 d5 8. cxd5 Nxd5 9. O-O Nxc3 10. Nxc3 cxd4
11. exd4 Qxd4+ 12. Kh1 Bxc3 13. bxc3 Qxc3 14. Bg5 O-O 15. Rc1 Qa5 16. Rc7 Qxg5
0-1

[Event "The Youth League, season 2"]
[Site "SchemingMind.com"]
[Date "2005.12.10"]
[Round "-"]
[White "njet"]
[Black "IvanXXIII"]
[Result "1-0"]
[WhiteCountry "RUS"]
[BlackCountry "CRO"]
[WhiteElo "2071"]
[WhiteRD "80"]
[BlackElo "1557"]
[BlackRD "75"]
[GameID "32685"]

1. e4 e5 2. f4 exf4 3. Nf3 d6 4. d4 g5 5. h4 g4 6. Ng1 Bh6 7. Ne2 Qf6 8. Nbc3 Ne7 9. Qd2 Bd7 10. h5 Nbc6
11. d5 Ne5 12. Nxf4 Bxf4 13. Qxf4 Qxf4 14. Bxf4 O-O-O 15. O-O-O
1-0

[Event "The Youth League, season 2"]
[Site "SchemingMind.com"]
[Date "2005.12.12"]
[Round "-"]
[White "gedro"]
[Black "Ashmaster"]
[Result "1-0"]
[WhiteCountry "HUN"]
[BlackCountry "IRL"]
[WhiteElo "1710"]
[WhiteRD "118"]
[BlackElo "1399"]
[BlackRD "65"]
[GameID "32864"]

1. d4 Nf6 2. c4 e6 3. Nf3 Bb4+ 4. Bd2 Bxd2+ 5. Qxd2 d5 6. Nc3 O-O 7. e3 Qe7 8. c5 b6 9. b4 Na6 10. a3 c6
11. Bd3 Bb7 12. O-O Rfe8 13. Ne5 Nd7 14. Bxa6 Nxe5 15. Bxb7 Nf3+ 16. gxf3 Qxb7 17. Kh1
1-0

[Event "The Youth League, season 2"]
[Site "SchemingMind.com"]
[Date "2005.12.12"]
[Round "-"]
[White "gedro"]
[Black "asperse"]
[Result "1-0"]
[WhiteCountry "HUN"]
[BlackCountry "ENG"]
[WhiteElo "1710"]
[WhiteRD "118"]
[BlackElo "1305"]
[BlackRD "62"]
[GameID "32865"]

1. d4 d5 2. c4 Nf6 3. Nf3 dxc4 4. e3 Be6 5. Nc3 c6 6. Ng5 Qd7 7. Be2 g6 8. O-O Bh6 9. Nxe6 Qxe6 10. a4 O-O
11. Re1 Nbd7 12. Bf3 a5 13. d5 cxd5 14. Bxd5 Nxd5 15. Nxd5 Nf6 16. Nc7 Qf5 17. Nxa8 Rxa8 18. e4
1-0

[Event "The Youth League, season 2"]
[Site "SchemingMind.com"]
[Date "2005.12.12"]
[Round "-"]
[White "gedro"]
[Black "Scotty919"]
[Result "1-0"]
[WhiteCountry "HUN"]
[BlackCountry "ENG"]
[WhiteElo "1710"]
[WhiteRD "118"]
[BlackElo "1310"]
[BlackRD "67"]
[GameID "32866"]

1. e4 e5 2. d4 Nc6 3. d5 Nce7 4. Nc3 c6 5. Bc4 Ng6 6. Nf3 b5 7. Bb3 Ba6 8. dxc6 dxc6 9. Qe2 Rb8 10. Bd2 Bd6
11. O-O-O Nf6 12. Ng5 Rf8 13. g3 h6 14. Nxf7 Rxf7 15. Bxf7+ Kxf7 16. f4 exf4 17. Bxf4 Ne8 18. e5 Nxf4 19. gxf4 Rb6 20. Qh5+ Kg8
21. exd6 Nxd6 22. Qc5 Qf6 23. Qxd6 Qf7 24. Rhe1 c5 25. Qd8+ Kh7 26. Qd3+ g6 27. Qd8
1-0

[Event "The Youth League, season 2"]
[Site "SchemingMind.com"]
[Date "2005.12.12"]
[Round "-"]
[White "gedro"]
[Black "thinkfirst29"]
[Result "1-0"]
[WhiteCountry "HUN"]
[BlackCountry "USA"]
[WhiteElo "1660"]
[WhiteRD "95"]
[BlackElo "1601"]
[BlackRD "71"]
[GameID "32867"]

1. d4 c5 2. d5 Nf6 3. c4 d6 4. Nc3 e6 5. e4 Nbd7 6. Bg5 h6 7. Bh4 g5 8. Bg3 Bg7 9. Qc2 exd5 10. Bxd6 Nxe4
11. Nxe4 dxe4 12. Qxe4+ Ne5 13. O-O-O f5 14. Qe2 Qb6 15. Bxe5 O-O 16. Bxg7 Kxg7 17. Qe5+ Kg8 18. Rd6 f4 19. Rxb6 axb6 20. a3 Bd7
21. Bd3 Rae8 22. Qd5+ Rf7 23. Bh7+ Kg7 24. Nf3 Bc6 25. Qd3 Rf6 26. Qc3 Bxf3 27. gxf3 b5 28. cxb5 b6 29. Rd1 Re6 30. Be4 Kf8
31. Qd3
1-0

[Event "The Youth League, season 2"]
[Site "SchemingMind.com"]
[Date "2005.12.12"]
[Round "-"]
[White "gedro"]
[Black "sansubari"]
[Result "0-1"]
[WhiteCountry "HUN"]
[BlackCountry "MAS"]
[WhiteElo "1660"]
[WhiteRD "95"]
[BlackElo "1641"]
[BlackRD "66"]
[GameID "32868"]

1. d4 d5 2. c4 dxc4 3. e3 b5 4. a4 Bd7 5. b3 cxb3 6. Bxb5 c6 7. Bc4 Bf5 8. Qxb3 e6 9. Bb2 Nf6 10. Nd2 Ne4
11. Nxe4 Bxe4 12. f3 Bd5= 13. Ne2 Be7 14. O-O O-O 15. Rac1 Nd7 16. Ba1 Rb8 17. Qc2 Rb4 18. Bxd5 cxd5 19. Rb1 a5 20. Bc3 Rc4
21. Qb2 Rxa4 22. Qb5 Ra2 23. Rfe1 Qc7 24. Bxa5 Rxa5 25. Qb2 Rb8 26. Qd2 Rab5 27. Rbc1 Qb7 28. g3 Bb4 29. Nc3 Bxc3 30. Qxc3 h6
31. Rc2 Rb1 32. Rec1 Rxc1+ 33. Rxc1 Nf6 34. g4 Qb3 35. Kf2 Qxc3 36. Rxc3 h5 37. h3 Rb2+ 38. Kg3 hxg4 39. hxg4 g6 40. Kf4 Nd7
41. Kg5 Kg7 42. Rc7 Nb6 43. Kf4 Rb3 44. Rc2 Nc4 45. Re2 f6 46. g5 fxg5+ 47. Kxg5 Rxe3 48. Rf2 Rd3
0-1

[Event "The Youth League, season 2"]
[Site "SchemingMind.com"]
[Date "2005.12.12"]
[Round "-"]
[White "gedro"]
[Black "IvanXXIII"]
[Result "1-0"]
[WhiteCountry "HUN"]
[BlackCountry "CRO"]
[WhiteElo "1711"]
[WhiteRD "85"]
[BlackElo "1557"]
[BlackRD "75"]
[GameID "32869"]

1. d4 Nf6 2. c4 c5 3. d5 e6 4. Nc3 exd5 5. cxd5 d6 6. Bg5 h6 7. Bh4 a6 8. Nf3 Be7 9. e4 Bg4 10. Be2 Bxf3
11. Bxf3 Nfd7 12. Bg3 Bh4 13. Bxd6
1-0

[Event "The Youth League, season 2"]
[Site "SchemingMind.com"]
[Date "2005.12.12"]
[Round "-"]
[White "gedro"]
[Black "Manuel Ángel Seris-Granier"]
[Result "0-1"]
[WhiteCountry "HUN"]
[BlackCountry "ESP"]
[WhiteElo "1710"]
[WhiteRD "118"]
[BlackElo "2019"]
[BlackRD "123"]
[GameID "32870"]

1. d4 Nf6 2. c4 e6 3. Bg5 h6 4. Bh4 c5 5. e3 cxd4 6. exd4 Qb6 7. b3 Bb4+ 8. Nd2 Ne4 9. Nf3 Nxd2 10. Nxd2 Qxd4
11. Bg3 Bxd2+
0-1

[Event "The Youth League, season 2"]
[Site "SchemingMind.com"]
[Date "2005.12.12"]
[Round "-"]
[White "gedro"]
[Black "alejandroales"]
[Result "1-0"]
[WhiteCountry "HUN"]
[BlackCountry "ARG"]
[WhiteElo "1710"]
[WhiteRD "118"]
[BlackElo "1650"]
[BlackRD "81"]
[GameID "32871"]

1. d4 Nf6 2. c4 e6 3. Nf3 c5 4. e3 cxd4 5. exd4 b6 6. Bg5 Be7 7. Nc3 Bb7 8. Be2 Na6 9. O-O O-O 10. Nd2 d5
11. Bf3 Qc7 12. cxd5 Nxd5 13. Nxd5 Bxd5 14. Rc1 Qb7 15. Bxd5 exd5 16. Bxe7 Qxe7 17. Re1 Qf6 18. Qa4 Nb8 19. Rc7 Rd8 20. Re8+
1-0

[Event "The Youth League, season 2"]
[Site "SchemingMind.com"]
[Date "2005.12.12"]
[Round "-"]
[White "gedro"]
[Black "njet"]
[Result "0-1"]
[WhiteCountry "HUN"]
[BlackCountry "RUS"]
[WhiteElo "1710"]
[WhiteRD "118"]
[BlackElo "1960"]
[BlackRD "106"]
[GameID "32872"]

1. d4 Nf6 2. c4 e6 3. Nf3 b6 4. Bg5 Bb7 5. Nc3 Bb4 6. a3 Bxc3+ 7. bxc3 O-O 8. e3 h6 9. Bh4 d6 10. Be2 Nbd7
11. O-O g5 12. Bg3 Nh5 13. Nd2 Nxg3 14. fxg3 f5 15. Bf3 c6 16. g4 Nf6 17. gxf5 exf5 18. Qc2 Qe8 19. Rfe1 g4 20. Be2 Qxe3+
21. Kh1 Rae8 22. Bd3 Qxe1+ 23. Rxe1 Rxe1+ 24. Nf1 Ne4 25. Kg1 Rf7 26. Qb2 c5 27. d5 f4 28. Bxe4 Rxe4 29. Qc2 Rfe7 30. Qd3 Ba6
31. Nd2 Re1+ 32. Kf2 Kg7 33. a4 R7e3
0-1

[Event "The Youth League, season 2"]
[Site "SchemingMind.com"]
[Date "2005.12.12"]
[Round "-"]
[White "Ashmaster"]
[Black "gedro"]
[Result "0-1"]
[WhiteCountry "IRL"]
[BlackCountry "HUN"]
[WhiteElo "1445"]
[WhiteRD "64"]
[BlackElo "1660"]
[BlackRD "95"]
[GameID "32873"]

1. e4 d5 2. e5 c5 3. Bb5+ Bd7 4. Bxd7+ Qxd7 5. Nf3 Nc6 6. O-O g6 7. Re1 e6 8. c3 c4 9. d4 cxd3 10. Qxd3 Bg7
11. Bf4 Nge7 12. Bg3 O-O 13. Nbd2 Nf5 14. Qc2 Rac8 15. Rad1 Qc7 16. Nb3 b6 17. h3 Nxg3 18. fxg3 Nxe5 19. Nxe5 Bxe5 20. g4 b5
21. Nd4 Rfd8 22. Nf3 Bd6 23. Kh1 b4 24. Rc1 Bf4 25. Nd2 Qb6 26. Qd3 bxc3 27. Rxc3 Qxb2 28. Rxc8 Rxc8 29. Re2 Rc1+
0-1

[Event "The Youth League, season 2"]
[Site "SchemingMind.com"]
[Date "2005.12.15"]
[Round "-"]
[White "asperse"]
[Black "gedro"]
[Result "0-1"]
[WhiteCountry "ENG"]
[BlackCountry "HUN"]
[WhiteElo "1305"]
[WhiteRD "62"]
[BlackElo "1710"]
[BlackRD "118"]
[GameID "32874"]

1. e4 d5 2. exd5 Nf6 3. c4 c6 4. dxc6 Nxc6 5. Nf3 Bf5 6. d3 e5 7. Be3 e4 8. Nh4 Bb4+ 9. Bd2 Bxd2+ 10. Qxd2 Be6
11. b3 Qd4 12. Nc3 e3 13. fxe3 Qxh4+ 14. g3 Qg5 15. O-O-O O-O 16. Nb5 a6 17. Nc7 Rac8 18. Nxe6 fxe6 19. Rg1 b5 20. h4 Qe5
21. Bg2 Qa1+ 22. Kc2 Qxa2+ 23. Kc1 Qa3+ 24. Kc2 bxc4 25. dxc4 Nb4+ 26. Kb1 Qxb3+ 27. Ka1 Nc2+ 28. Qxc2 Qxc2 29. Rc1 Qa4+
0-1

[Event "The Youth League, season 2"]
[Site "SchemingMind.com"]
[Date "2005.12.12"]
[Round "-"]
[White "Scotty919"]
[Black "gedro"]
[Result "0-1"]
[WhiteCountry "ENG"]
[BlackCountry "HUN"]
[WhiteElo "1310"]
[WhiteRD "67"]
[BlackElo "1710"]
[BlackRD "118"]
[GameID "32875"]

1. e4 d5 2. e5 c5 3. c3 Nc6 4. Nf3 Bg4 5. h3 Bxf3 6. Qxf3 Nxe5 7. Qe3 Qc7 8. Be2 e6 9. O-O Nf6 10. d3 a6
11. a3 Bd6 12. g3 b5 13. Nd2 O-O 14. b3 Rac8 15. Bb2 c4 16. dxc4 dxc4 17. bxc4 bxc4 18. a4 Bc5 19. Qf4 Nd5 20. Qe4 f5
21. Qc2 f4 22. gxf4 Nxf4 23. Bd1 Qe7 24. Ne4 Qh4 25. Ng3 Nxh3+ 26. Kg2 Nf4+ 27. Kg1 Qxg3+
0-1

[Event "The Youth League, season 2"]
[Site "SchemingMind.com"]
[Date "2005.12.12"]
[Round "-"]
[White "thinkfirst29"]
[Black "gedro"]
[Result "1-0"]
[WhiteCountry "USA"]
[BlackCountry "HUN"]
[WhiteElo "1641"]
[WhiteRD "71"]
[BlackElo "1710"]
[BlackRD "118"]
[GameID "32876"]

1. e4 d5 2. exd5 Nf6 3. c4 c6 4. Nc3 cxd5 5. d4 Nc6 6. Nf3 Bg4 7. h3 Bxf3 8. Qxf3 Nxd4 9. Qd3 dxc4 10. Qd1 Qb6
11. Be3 e5 12. Qa4+ Qc6 13. Qxc4 Qxc4 14. Bxc4 Nc2+ 15. Ke2 Nxa1 16. Bb5+ Kd8 17. Rxa1 a6 18. Bb6+
1-0

[Event "The Youth League, season 2"]
[Site "SchemingMind.com"]
[Date "2005.12.13"]
[Round "-"]
[White "sansubari"]
[Black "gedro"]
[Result "1-0"]
[WhiteCountry "MAS"]
[BlackCountry "HUN"]
[WhiteElo "1641"]
[WhiteRD "66"]
[BlackElo "1660"]
[BlackRD "95"]
[GameID "32877"]

1. d4 e6 2. Bf4 Nf6 3. Nf3 c5 4. c3 cxd4 5. Qxd4 Nc6 6. Qd1 d5 7. e3 Be7 8. Bb5 O-O 9. Ne5 Nxe5 10. Bxe5 Bd7
11. Bd3 h6 12. Nd2 b5 13. Nf3 a6 14. a3 Ne8 15. h3 f6 16. Bg3 e5 17. Nh4 e4 18. Be2 Kh7 19. Qxd5 f5 20. Bh5 Nf6
21. Bg6+ Kh8 22. Qd1 Ng8 23. Bd6 Bxd6 24. Qxd6 Qxh4 25. Qxd7 Qg5 26. Bf7 Qxg2 27. Rf1 Nf6 28. Qc7 Rad8 29. Bb3 Rd7 30. Qg3 Qxg3
31. fxg3 g6 32. Rd1 Rfd8 33. g4 Rxd1+ 34. Bxd1 Rd5 35. Bb3 Rc5 36. Be6 Nd5 37. Ke2 fxg4 38. hxg4 Nc7 39. Bb3 a5 40. Rf4 a4
41. Bc2 Kg7 42. Rxe4 Kf6 43. Rd4 Re5 44. Rd6+ Re6 45. Rxe6+ Nxe6 46. Kf3 Ng5+ 47. Kg3 Nf7 48. Bd3 Nd6 49. Kf3 Ke5 50. Bxg6 Nc4
51. Bd3
1-0

[Event "The Youth League, season 2"]
[Site "SchemingMind.com"]
[Date "2005.12.12"]
[Round "-"]
[White "IvanXXIII"]
[Black "gedro"]
[Result "0-1"]
[WhiteCountry "CRO"]
[BlackCountry "HUN"]
[WhiteElo "1557"]
[WhiteRD "75"]
[BlackElo "1711"]
[BlackRD "85"]
[GameID "32878"]

1. d4 e6 2. e4 d5 3. e5 c5 4. c3 Nc6 5. Nf3 cxd4 6. cxd4 Bb4+ 7. Nc3 Nge7 8. a3 Ba5 9. Be3 Nf5 10. b4 Bb6
11. Bb5 O-O 12. Ba4 Qc7 13. Nb5 Qe7 14. Bc2 a6
0-1

[Event "The Youth League, season 2"]
[Site "SchemingMind.com"]
[Date "2005.12.13"]
[Round "-"]
[White "Manuel Ángel Seris-Granier"]
[Black "gedro"]
[Result "1-0"]
[WhiteCountry "ESP"]
[BlackCountry "HUN"]
[WhiteElo "1972"]
[WhiteRD "114"]
[BlackElo "1660"]
[BlackRD "95"]
[GameID "32879"]

1. e4 d5 2. exd5 Nf6 3. d4 Nxd5 4. Nf3 Nc6 5. c4 Ndb4 6. a3 Na6 7. b4 Nab8 8. d5 e6 9. dxc6 Qxd1+ 10. Kxd1 Nxc6
11. Bb2 f6 12. Nd4 Bd7 13. Nxc6 Bxc6 14. Nc3 O-O-O+ 15. Ke2 e5 16. Bc1 Be7 17. Be3 b6 18. f3 h5 19. g3 g5 20. Bh3+ g4
21. fxg4 Bxh1 22. Rxh1 hxg4 23. Bxg4+ Kb8 24. Bf5 Rdg8 25. Kf2 c6 26. h4 Bf8 27. Ne4 Bh6 28. g4 Bxe3+ 29. Kxe3 Rh6 30. h5 Kc7
31. c5 Rg7 32. Rd1 Rh8 33. Nxf6
1-0

[Event "The Youth League, season 2"]
[Site "SchemingMind.com"]
[Date "2005.12.12"]
[Round "-"]
[White "alejandroales"]
[Black "gedro"]
[Result "1-0"]
[WhiteCountry "ARG"]
[BlackCountry "HUN"]
[WhiteElo "1650"]
[WhiteRD "81"]
[BlackElo "1710"]
[BlackRD "118"]
[GameID "32880"]

1. e4 d5 2. exd5 Nf6 3. d4 Nxd5 4. Nf3 Bf5 5. Bd3 Qd7 6. O-O Nc6 7. c4 Ndb4 8. Bxf5 Qxf5 9. a3 Nc2 10. Nc3 Nxa1
11. d5 O-O-O 12. Qa4 Nb8 13. Nb5 Na6 14. Nfd4 Qf6 15. Nxa7+ Kb8 16. Nac6+ Kc8 17. Na7+ Kb8 18. Ndc6+ Ka8 19. Nxd8 Kxa7 20. Be3+ Ka8
21. Qe8 Nb8 22. Rxa1 g6 23. Qb5 Qa6 24. a4 Bg7 25. Nxf7 Rf8 26. Qxa6+ Nxa6 27. Ng5 Bxb2 28. Rb1 Ba3 29. Ne6 Rf6 30. Rb3 Bd6
31. c5 Be5 32. f4 Ba1 33. g4 Rf7 34. Kg2 Kb8 35. Rxb7+ Kxb7 36. Nd8+ Kc8 37. Nxf7 Kd7 38. f5
1-0

[Event "The Youth League, season 2"]
[Site "SchemingMind.com"]
[Date "2005.12.12"]
[Round "-"]
[White "njet"]
[Black "gedro"]
[Result "1-0"]
[WhiteCountry "RUS"]
[BlackCountry "HUN"]
[WhiteElo "1960"]
[WhiteRD "106"]
[BlackElo "1710"]
[BlackRD "118"]
[GameID "32881"]

1. e4 d5 2. exd5 Nf6 3. d4 Nxd5 4. Nf3 Nc6 5. Be2 Bg4 6. c4 Nf6 7. d5 Bxf3 8. Bxf3 Ne5 9. Bf4 Ng6 10. Bg3 Rb8
11. Qa4+ Nd7 12. O-O a6 13. Nc3 b5 14. cxb5 Nb6 15. d6 cxd6 16. Bc6+
1-0